ASTANGA HRDAYAM (Record no. 16575)

MARC details
000 -LEADER
fixed length control field 00330nam a22001457a 4500
003 - CONTROL NUMBER IDENTIFIER
control field SGT
020 ## - INTERNATIONAL STANDARD BOOK NUMBER
International Standard Book Number 978-81-218-0018-8
082 ## - DEWEY DECIMAL CLASSIFICATION NUMBER
Classification number 617.41
Item number A18M
100 ## - MAIN ENTRY--PERSONAL NAME
Personal name MURTY,K.R .SRIKANTHA
245 ## - TITLE STATEMENT
Title ASTANGA HRDAYAM
260 ## - PUBLICATION, DISTRIBUTION, ETC. (IMPRINT)
Place of publication, distribution, etc VARANASI
Name of publisher, distributor, etc CHAUKHAMBA PUB
Year of Publication 2018
300 ## - PAGE DESCRIPTION
No. of Pages 520,596,586
650 ## - SUBJECT ADDED ENTRY--TOPICAL TERM
Topical term or geographic name as entry element AYURVEDA
942 ## - ADDED ENTRY ELEMENTS (KOHA)
Source of classification or shelving scheme Dewey Decimal Classification
Koha item type Books
942 ## - ADDED ENTRY ELEMENTS (KOHA)
-- 5
Holdings
Withdrawn status Lost status Source of classification or shelving scheme Damaged status Not for loan Collection code Home library Current library Shelving location Date acquired Vendor Name Cost, normal purchase price Volume Information (Serial or Books or Non-Book Material) SGTU Bill Number Total Checkouts Full call number Accession No. (Barcode) Date last seen Date last borrowed Bill Date Koha item type
    Dewey Decimal Classification     AYURVEDA SGT FA-FP Library SGT FA-FP Library Text Book 22/01/2019 CHAUKHAMBA PUB 500.00 1 SGTU 1338 6 617.41 A18M FA8577 17/04/2023 03/04/2023 16/01/2019 Books
    Dewey Decimal Classification     AYURVEDA SGT FA-FP Library SGT FA-FP Library Text Book 22/01/2019 CHAUKHAMBA PUB 525.00 3 SGTU 1338   617.41 A18M FA8579 08/01/2021   16/01/2019 Books
    Dewey Decimal Classification     AYURVEDA SGT FA-FP Library SGT FA-FP Library Text Book 22/01/2019 CHAUKHAMBA PUB 525.00 2 SGTU 1338 1 617.41 A18M FA8578 17/09/2019 17/09/2019 16/01/2019 Books